Normal view MARC view
  • FOUCHE, JOSEPH,

Entry Nombre Personal

Number of records used in: 5

001 - NUMERO DE CONTROL

  • campo de control: 16280

003 - IDENTIFICADOR DE NUMERO DE CONTROL

  • campo de control: UPN

005 - FECHA Y HORA DE LA ÜLTIMA TRANSACCIÓN

  • campo de control: 20210219193844.0

008 - DATOS DE LONGITUD FIJA

  • campo de control de longitud fija: nabaccnnaabn|||||||||| b |nc|||||d

035 ## - NUMERO DE CONTROL

  • Número de control: UPN10000016288

040 ## - FUENTE DE CATALOGACIÓN

  • Lenguaje de catalogación: SPA
  • Agencia de transcripción: UPN

053 #4 - NÚMERO DE CLASIFICACIÓN LC

  • Número de clasificación elemento-número único o número inicial de tramo: DC198 F7

100 1# - ENCABEZAMIENTO - NOMBRE PERSONAL

  • Nombre personal: FOUCHE, JOSEPH,
  • Títulos u otras palabras asociadas al nombre: DUQUE DE OTRANTE,
  • Fechas asociadas con el nombre: 1759-1820

400 1# - VEÁSE - NOMBRE DE PERSONA

  • Personal name: Fouché, José,
  • Dates associated with a name: 1759-1820

670 ## - FUENTE EN LA QUE SE LOCALIZARON DATOS

  • Cita de la fuente: T /P
  • Información localizada: Salvat universal

902 ## - CATALOGADOR

  • Catalogador: MCM/090910